[Event "Villarobledo Online Qualifyer"]
[Site "playchess.com #155672"]
[Date "2009.05.23"]
[Round "10"]
[White "Steflenicois"]
[Black "Moe der Beste"]
[Result "1/2-1/2"]
[WhiteElo "2456"]
[BlackElo "2228"]
[PlyCount "169"]
[EventDate "2009.05.23"]
[EventType "swiss (blitz)"]

1. e4 {[%emt 0:00:06]} e6 {[%emt 0:00:05]} 2. d4 {[%emt 0:00:03]} d5 {[%emt 0:
00:01]} 3. Nc3 {[%emt 0:00:13]} Bb4 {[%emt 0:00:02]} 4. e5 {[%emt 0:00:02]} c5
{[%emt 0:00:01]} 5. Bd2 {[%emt 0:00:02]} Ne7 {[%emt 0:00:01]} 6. Nb5 {[%emt 0:
00:02]} Bxd2+ {[%emt 0:00:00]} 7. Qxd2 {[%emt 0:00:00]} O-O {[%emt 0:00:01]} 8.
c3 {[%emt 0:00:00]} cxd4 {[%emt 0:00:03]} 9. cxd4 {[%emt 0:00:04]} Nbc6 {[%emt
0:00:06]} 10. f4 {[%emt 0:00:03]} Nf5 {[%emt 0:00:04]} 11. Nf3 {[%emt 0:00:01]}
a6 {[%emt 0:00:02]} 12. Nc3 {[%emt 0:00:02]} Qb6 {[%emt 0:00:01]} 13. O-O-O {
[%emt 0:00:01]} Bd7 {[%emt 0:00:02]} 14. Kb1 {[%emt 0:00:01]} Rac8 {[%emt 0:00:
02]} 15. g4 {[%emt 0:00:04]} Nfe7 {[%emt 0:00:03]} 16. Bd3 {[%emt 0:00:02]} f5
{[%emt 0:00:02]} 17. exf6 {[%emt 0:00:01]} Rxf6 {[%emt 0:00:02]} 18. Ne5 {
[%emt 0:00:00]} Nxe5 {[%emt 0:00:07]} 19. fxe5 {[%emt 0:00:02]} Rf7 {[%emt 0:
00:01]} 20. h4 {[%emt 0:00:02]} Rcf8 {[%emt 0:00:00]} 21. h5 {[%emt 0:00:01]}
Rf2 {[%emt 0:00:01]} 22. Ne2 {[%emt 0:00:07]} Bb5 {[%emt 0:00:01]} 23. h6 {
[%emt 0:00:53]} g6 {[%emt 0:00:06]} 24. Ka1 {[%emt 0:00:44]} Nc6 {[%emt 0:00:
05]} 25. Bxb5 {[%emt 0:00:04]} Qxb5 {[%emt 0:00:09]} 26. Rde1 {[%emt 0:00:01]}
Nxd4 {[%emt 0:00:40]} 27. Qxd4 {[%emt 0:00:00]} Rxe2 {[%emt 0:00:01]} 28. Rb1 {
[%emt 0:00:07]} Re4 {[%emt 0:00:04]} 29. Qc3 {[%emt 0:00:01]} Ra4 {[%emt 0:00:
15]} 30. b3 {[%emt 0:00:14]} Raf4 {[%emt 0:00:04]} 31. Qc7 {[%emt 0:00:01]}
R4f7 {[%emt 0:00:03]} 32. Qd6 {[%emt 0:00:02]} Qd3 {[%emt 0:00:03]} 33. Qxe6 {
[%emt 0:00:04]} Qd4+ {[%emt 0:00:01]} 34. Rb2 {[%emt 0:00:01]} Kh8 {[%emt 0:00:
01]} 35. Rhb1 {[%emt 0:00:06]} Rf1 {[%emt 0:00:06]} 36. a3 {[%emt 0:00:02]}
R1f2 {[%emt 0:00:01]} 37. Ka2 {[%emt 0:00:03]} R2f7 {[%emt 0:00:04]} 38. a4 {
[%emt 0:00:05]} b5 {[%emt 0:00:10]} 39. a5 {[%emt 0:00:08]} Qc3 {[%emt 0:00:10]
} 40. Qb6 {[%emt 0:00:03]} Qxe5 {[%emt 0:00:07]} 41. Rd2 {[%emt 0:00:05]} Kg8 {
[%emt 0:00:28]} 42. Rbd1 {[%emt 0:00:02]} Qc3 {[%emt 0:00:06]} 43. Qxa6 {[%emt
0:00:10]} Qb4 {[%emt 0:00:19]} 44. Qb6 {[%emt 0:00:04]} Ra8 {[%emt 0:00:09]}
45. a6 {[%emt 0:00:01]} Rfa7 {[%emt 0:00:02]} 46. Qe6+ {[%emt 0:00:01]} Rf7 {
[%emt 0:00:02]} 47. Kb2 {[%emt 0:00:12]} Qe7 {[%emt 0:00:12]} 48. Qxe7 {[%emt
0:00:08]} Rxe7 {[%emt 0:00:00]} 49. Rxd5 {[%emt 0:00:01]} Rxa6 {[%emt 0:00:00]}
50. Rxb5 {[%emt 0:00:01]} Re2+ {[%emt 0:00:01]} 51. Kc3 {[%emt 0:00:01]} Rc6+ {
[%emt 0:00:02]} 52. Kb4 {[%emt 0:00:04]} Re4+ {[%emt 0:00:01]} 53. Ka3 {[%emt
0:00:02]} Ra6+ {[%emt 0:00:02]} 54. Kb2 {[%emt 0:00:01]} Rxg4 {[%emt 0:00:01]}
55. Rd7 {[%emt 0:00:04]} Rg2+ {[%emt 0:00:04]} 56. Kc3 {[%emt 0:00:01]} Rg3+ {
[%emt 0:00:01]} 57. Kc4 {[%emt 0:00:03]} Rg4+ {[%emt 0:00:01]} 58. Rd4 {[%emt
0:00:02]} Rc6+ {[%emt 0:00:05]} 59. Kd5 {[%emt 0:00:02]} Rxd4+ {[%emt 0:00:03]}
60. Kxc6 {[%emt 0:00:03]} Rh4 {[%emt 0:00:01]} 61. Rb8+ {[%emt 0:00:01]} Kf7 {
[%emt 0:00:02]} 62. Rb7+ {[%emt 0:00:00]} Kg8 {[%emt 0:00:01]} 63. Kd6 {[%emt
0:00:04]} Rxh6 {[%emt 0:00:01]} 64. Ke6 {[%emt 0:00:01]} g5+ {[%emt 0:00:01]}
65. Kf5 {[%emt 0:00:01]} Rg6 {[%emt 0:00:01]} 66. Kg4 {[%emt 0:00:01]} h6 {
[%emt 0:00:08]} 67. b4 {[%emt 0:00:01]} Kf8 {[%emt 0:00:02]} 68. b5 {[%emt 0:
00:01]} Ke8 {[%emt 0:00:00]} 69. Rc7 {[%emt 0:00:03]} Kd8 {[%emt 0:00:01]} 70.
Rh7 {[%emt 0:00:02]} Rb6 {[%emt 0:00:04]} 71. Kh5 {[%emt 0:00:05]} Rxb5 {[%emt
0:00:06]} 72. Rxh6 {[%emt 0:00:01]} Ke7 {[%emt 0:00:00]} 73. Rg6 {[%emt 0:00:
01]} g4+ {[%emt 0:00:02]} 74. Kxg4 {[%emt 0:00:01]} Kf7 {[%emt 0:00:00]} 75.
Rc6 {[%emt 0:00:01]} Rb4+ {[%emt 0:00:01]} 76. Kf5 {[%emt 0:00:04]} Ke7 {[%emt
0:00:01]} 77. Ke5 {[%emt 0:00:02]} Kd7 {[%emt 0:00:01]} 78. Rc5 {[%emt 0:00:02]
} Rb1 {[%emt 0:00:01]} 79. Kd4 {[%emt 0:00:01]} Kd6 {[%emt 0:00:01]} 80. Rh5 {
[%emt 0:00:01]} Rb4+ {[%emt 0:00:02]} 81. Kc3 {[%emt 0:00:01]} Rg4 {[%emt 0:00:
00]} 82. Rh6+ {[%emt 0:00:01]} Kc5 {[%emt 0:00:01]} 83. Kd3 {[%emt 0:00:01]}
Rd4+ {[%emt 0:00:02]} 84. Ke3 {[%emt 0:00:02]} Rd6 {[%emt 0:00:01]} 85. Rh5+ {
[%emt 0:00:01] Moe der Beste bietet Remis Arbiter Decision (Draw by material)}
1/2-1/2

[Event "Villarobledo Online Qualifyer"]
[Site "playchess.com #155672"]
[Date "2009.05.23"]
[Round "10"]
[White "Fotros"]
[Black "Buster hyman"]
[Result "0-1"]
[WhiteElo "1794"]
[BlackElo "1696"]
[PlyCount "138"]
[EventDate "2009.05.23"]
[EventType "swiss (blitz)"]

1. Nf3 {[%emt 0:00:01]} d5 {[%emt 0:00:03]} 2. c4 {[%emt 0:00:01]} dxc4 {[%emt
0:00:04]} 3. Qa4+ {[%emt 0:00:02]} Nc6 {[%emt 0:00:03]} 4. Qxc4 {[%emt 0:00:01]
} Nf6 {[%emt 0:00:02]} 5. g3 {[%emt 0:00:03]} Qd5 {[%emt 0:00:06]} 6. Qxd5 {
[%emt 0:00:32]} Nxd5 {[%emt 0:00:01]} 7. Bg2 {[%emt 0:00:01]} e6 {[%emt 0:00:
01]} 8. O-O {[%emt 0:00:02]} Be7 {[%emt 0:00:02]} 9. a3 {[%emt 0:00:01]} Bf6 {
[%emt 0:00:02]} 10. Rd1 {[%emt 0:00:08]} O-O {[%emt 0:00:02]} 11. e4 {[%emt 0:
00:08]} Nb6 {[%emt 0:00:10]} 12. d4 {[%emt 0:00:01]} e5 {[%emt 0:00:05]} 13.
dxe5 {[%emt 0:00:20]} Nxe5 {[%emt 0:00:02]} 14. Nxe5 {[%emt 0:00:01]} Bxe5 {
[%emt 0:00:02]} 15. f4 {[%emt 0:00:04]} Bg4 {[%emt 0:00:02]} 16. Re1 {[%emt 0:
00:06]} Bd4+ {[%emt 0:00:03]} 17. Kh1 {[%emt 0:00:03]} c6 {[%emt 0:00:04]} 18.
h3 {[%emt 0:00:05]} Be6 {[%emt 0:00:05]} 19. Nc3 {[%emt 0:00:02]} Rad8 {[%emt
0:00:06]} 20. f5 {[%emt 0:00:08]} Bb3 {[%emt 0:00:04]} 21. Bf4 {[%emt 0:00:05]}
Nc4 {[%emt 0:00:05]} 22. Re2 {[%emt 0:00:17]} a5 {[%emt 0:00:14]} 23. Rc1 {
[%emt 0:00:25]} b5 {[%emt 0:00:31]} 24. g4 {[%emt 0:00:06]} Be5 {[%emt 0:00:52]
} 25. Bxe5 {[%emt 0:00:21]} Nxe5 {[%emt 0:00:02]} 26. Rce1 {[%emt 0:00:23]} Rd4
{[%emt 0:00:10]} 27. Kh2 {[%emt 0:00:02]} Rfd8 {[%emt 0:00:02]} 28. Kg3 {[%emt
0:00:03]} f6 {[%emt 0:00:05]} 29. Kf2 {[%emt 0:00:07]} Bc4 {[%emt 0:00:09]} 30.
Re3 {[%emt 0:00:08]} Nd3+ {[%emt 0:00:13]} 31. Rxd3 {[%emt 0:00:05]} Rxd3 {
[%emt 0:00:01]} 32. Bf3 {[%emt 0:00:03]} Rd2+ {[%emt 0:00:02]} 33. Ke3 {[%emt
0:00:04]} Rxb2 {[%emt 0:00:08]} 34. Nd1 {[%emt 0:00:02]} Rbd2 {[%emt 0:00:03]}
35. Nf2 {[%emt 0:00:03]} b4 {[%emt 0:00:05]} 36. axb4 {[%emt 0:00:03]} axb4 {
[%emt 0:00:01]} 37. Rb1 {[%emt 0:00:03]} b3 {[%emt 0:00:03]} 38. Nd1 {[%emt 0:
00:03]} R2d3+ {[%emt 0:00:08] '} 39. Kf4 {[%emt 0:00:02]} Bb5 {[%emt 0:00:05]}
40. Nb2 {[%emt 0:00:02]} Rd2 {[%emt 0:00:03]} 41. Nd1 {[%emt 0:00:03]} Rc2 {
[%emt 0:00:11]} 42. Ne3 {[%emt 0:00:02]} Bd3 {[%emt 0:00:02]} 43. Nxc2 {[%emt
0:00:03]} Bxc2 {[%emt 0:00:01]} 44. Rb2 {[%emt 0:00:01]} Rd1 {[%emt 0:00:02]}
45. Bxd1 {[%emt 0:00:02]} Bxd1 {[%emt 0:00:01]} 46. Ke3 {[%emt 0:00:02]} c5 {
[%emt 0:00:01]} 47. Kd3 {[%emt 0:00:02]} Bc2+ {[%emt 0:00:04]} 48. Kc4 {[%emt
0:00:03]} Kf8 {[%emt 0:00:02]} 49. Kxc5 {[%emt 0:00:02]} Ke7 {[%emt 0:00:00]}
50. Kc4 {[%emt 0:00:01]} Kd6 {[%emt 0:00:02]} 51. Kc3 {[%emt 0:00:03]} Ke5 {
[%emt 0:00:01]} 52. Kd2 {[%emt 0:00:03]} Kxe4 {[%emt 0:00:02]} 53. Ke2 {[%emt
0:00:01]} Kf4 {[%emt 0:00:01]} 54. Kf2 {[%emt 0:00:01]} h5 {[%emt 0:00:03]} 55.
gxh5 {[%emt 0:00:04]} Kxf5 {[%emt 0:00:01]} 56. Kg3 {[%emt 0:00:01]} Kg5 {
[%emt 0:00:01]} 57. h6 {[%emt 0:00:02]} Kxh6 {[%emt 0:00:01]} 58. Kf4 {[%emt 0:
00:01]} g6 {[%emt 0:00:01]} 59. h4 {[%emt 0:00:02]} Kh5 {[%emt 0:00:01]} 60.
Kg3 {[%emt 0:00:01]} f5 {[%emt 0:00:01]} 61. Kh3 {[%emt 0:00:01]} g5 {[%emt 0:
00:01]} 62. hxg5 {[%emt 0:00:01]} Kxg5 {[%emt 0:00:01]} 63. Kg3 {[%emt 0:00:01]
} f4+ {[%emt 0:00:01]} 64. Kf3 {[%emt 0:00:01]} Kf5 {[%emt 0:00:01]} 65. Kf2 {
[%emt 0:00:02]} Ke4 {[%emt 0:00:01]} 66. Kf1 {[%emt 0:00:01]} Ke3 {[%emt 0:00:
02]} 67. Ke1 {[%emt 0:00:05]} f3 {[%emt 0:00:01]} 68. Kf1 {[%emt 0:00:01]} f2 {
[%emt 0:00:02]} 69. Rb1 {[%emt 0:00:06]} Bxb1 {[%emt 0:00:03] Fotros resigns}
0-1

[Event "Villarobledo Online Qualifyer"]
[Site "playchess.com #155672"]
[Date "2009.05.23"]
[Round "10"]
[White "Torre repetto 2"]
[Black "Q2w3e"]
[Result "0-1"]
[WhiteElo "1608"]
[BlackElo "1574"]
[PlyCount "146"]
[EventDate "2009.05.23"]
[EventType "swiss (blitz)"]

1. d4 {[%emt 0:00:02]} Nf6 {[%emt 0:00:03]} 2. c4 {[%emt 0:00:01]} e6 {[%emt 0:
00:01]} 3. Bg5 {[%emt 0:00:04]} h6 {[%emt 0:00:04]} 4. Bxf6 {[%emt 0:00:03]}
Qxf6 {[%emt 0:00:00]} 5. Nf3 {[%emt 0:00:01]} d5 {[%emt 0:00:09]} 6. e3 {[%emt
0:00:01]} Be7 {[%emt 0:00:08]} 7. Nc3 {[%emt 0:00:01]} c6 {[%emt 0:00:05]} 8.
c5 {[%emt 0:00:01]} O-O {[%emt 0:00:02]} 9. Be2 {[%emt 0:00:02]} b6 {[%emt 0:
00:04]} 10. b4 {[%emt 0:00:01]} a5 {[%emt 0:00:02]} 11. a3 {[%emt 0:00:04]}
axb4 {[%emt 0:00:02]} 12. axb4 {[%emt 0:00:01]} Rxa1 {[%emt 0:00:02]} 13. Qxa1
{[%emt 0:00:01]} bxc5 {[%emt 0:00:07]} 14. bxc5 {[%emt 0:00:01]} Nd7 {[%emt 0:
00:08]} 15. O-O {[%emt 0:00:04]} e5 {[%emt 0:00:05]} 16. Ba6 {[%emt 0:00:21]}
e4 {[%emt 0:00:35]} 17. Nd2 {[%emt 0:00:04]} Bxa6 {[%emt 0:00:08]} 18. Qxa6 {
[%emt 0:00:13]} Nxc5 {[%emt 0:00:08]} 19. dxc5 {[%emt 0:00:25]} Qxc3 {[%emt 0:
00:02]} 20. Nb1 {[%emt 0:00:06]} Qxc5 {[%emt 0:00:03]} 21. Qb7 {[%emt 0:00:02]}
Bf6 {[%emt 0:00:18]} 22. Nd2 {[%emt 0:00:04]} Qb5 {[%emt 0:00:05]} 23. Qxb5 {
[%emt 0:00:11]} cxb5 {[%emt 0:00:00]} 24. Rb1 {[%emt 0:00:01]} Rb8 {[%emt 0:00:
02]} 25. Nb3 {[%emt 0:00:03]} Bc3 {[%emt 0:00:24]} 26. Nc5 {[%emt 0:00:08]} b4
{[%emt 0:00:13]} 27. Kf1 {[%emt 0:00:03]} f5 {[%emt 0:00:23]} 28. Na4 {[%emt 0:
00:02]} Be5 {[%emt 0:00:07]} 29. Nc5 {[%emt 0:00:04]} Bd6 {[%emt 0:00:05]} 30.
Ne6 {[%emt 0:00:10]} Kf7 {[%emt 0:00:09]} 31. Nd4 {[%emt 0:00:02]} g5 {[%emt 0:
00:10]} 32. Ke2 {[%emt 0:00:02]} f4 {[%emt 0:00:02]} 33. Kd2 {[%emt 0:00:07]}
fxe3+ {[%emt 0:00:02]} 34. fxe3 {[%emt 0:00:05]} Bxh2 {[%emt 0:00:02]} 35. Rh1
{[%emt 0:00:03]} Be5 {[%emt 0:00:04]} 36. Nc6 {[%emt 0:00:07]} Bd6 {[%emt 0:00:
05]} 37. Nxb8 {[%emt 0:00:03]} Bxb8 {[%emt 0:00:00]} 38. Rxh6 {[%emt 0:00:01]}
Be5 {[%emt 0:00:02]} 39. Rb6 {[%emt 0:00:04]} Bc3+ {[%emt 0:00:01]} 40. Kc2 {
[%emt 0:00:00]} Ke7 {[%emt 0:00:03]} 41. Rg6 {[%emt 0:00:02]} g4 {[%emt 0:00:
02]} 42. Rxg4 {[%emt 0:00:01]} Ke6 {[%emt 0:00:01]} 43. Rg6+ {[%emt 0:00:04]}
Kf5 {[%emt 0:00:02]} 44. Rg8 {[%emt 0:00:02]} d4 {[%emt 0:00:05]} 45. exd4 {
[%emt 0:00:03]} Bxd4 {[%emt 0:00:00]} 46. g4+ {[%emt 0:00:01]} Kf6 {[%emt 0:00:
01]} 47. Kb3 {[%emt 0:00:03]} Bc3 {[%emt 0:00:02]} 48. g5+ {[%emt 0:00:02]} Kf7
{[%emt 0:00:01]} 49. Ra8 {[%emt 0:00:03]} Kg6 {[%emt 0:00:01]} 50. Ra5 {[%emt
0:00:06]} e3 {[%emt 0:00:01]} 51. Kc2 {[%emt 0:00:08]} e2 {[%emt 0:00:01]} 52.
Ra6+ {[%emt 0:00:07]} Kf5 {[%emt 0:00:04]} 53. Ra5+ {[%emt 0:00:16] .} Ke4 {
[%emt 0:00:02]} 54. Ra8 {[%emt 0:00:11]} e1=Q {[%emt 0:00:03]} 55. Re8+ {[%emt
0:00:02]} Be5 {[%emt 0:00:01]} 56. Rxe5+ {[%emt 0:00:04]} Kxe5 {[%emt 0:00:01]}
57. Kb3 {[%emt 0:00:00]} Qc3+ {[%emt 0:00:01]} 58. Ka4 {[%emt 0:00:02]} b3 {
[%emt 0:00:02]} 59. g6 {[%emt 0:00:01]} Kf6 {[%emt 0:00:03]} 60. g7 {[%emt 0:
00:01]} Kxg7 {[%emt 0:00:01]} 61. Kb5 {[%emt 0:00:00]} b2 {[%emt 0:00:02]} 62.
Ka4 {[%emt 0:00:00]} Qc2+ {[%emt 0:00:03]} 63. Ka3 {[%emt 0:00:02]} b1=N+ {
[%emt 0:00:06]} 64. Kb4 {[%emt 0:00:02]} Qa2 {[%emt 0:00:02]} 65. Kb5 {[%emt 0:
00:03]} Kf6 {[%emt 0:00:01]} 66. Kb4 {[%emt 0:00:01]} Ke5 {[%emt 0:00:01]} 67.
Kb5 {[%emt 0:00:00]} Kd4 {[%emt 0:00:01]} 68. Kb4 {[%emt 0:00:00]} Qc4+ {[%emt
0:00:01]} 69. Ka5 {[%emt 0:00:02]} Nd2 {[%emt 0:00:01]} 70. Kb6 {[%emt 0:00:01]
} Qc5+ {[%emt 0:00:02]} 71. Kb7 {[%emt 0:00:01]} Kd5 {[%emt 0:00:02]} 72. Ka6 {
[%emt 0:00:01]} Qb4 {[%emt 0:00:01]} 73. Ka7 {[%emt 0:00:01]} Kc6 {[%emt 0:00:
01] Torre repetto 2 rinde} 0-1

[Event "Villarobledo Online Qualifyer"]
[Site "playchess.com #155672"]
[Date "2009.05.23"]
[Round "11"]
[White "Too Easy"]
[Black "BigBee"]
[Result "0-1"]
[WhiteElo "1611"]
[BlackElo "1781"]
[PlyCount "30"]
[EventDate "2009.05.23"]
[EventType "swiss (blitz)"]

1. e4 {[%emt 0:00:02]} c6 {[%emt 0:00:01]} 2. Nc3 {[%emt 0:00:05]} d5 {[%emt 0:
00:01]} 3. Nf3 {[%emt 0:00:10]} dxe4 {[%emt 0:00:02]} 4. Nxe4 {[%emt 0:00:01]}
Nf6 {[%emt 0:00:00]} 5. Nxf6+ {[%emt 0:00:03]} gxf6 {[%emt 0:00:00]} 6. d4 {
[%emt 0:00:01]} Bg4 {[%emt 0:00:01]} 7. Be2 {[%emt 0:00:01]} e6 {[%emt 0:00:01]
} 8. O-O {[%emt 0:00:01]} Bd6 {[%emt 0:00:01]} 9. c4 {[%emt 0:00:01]} Qc7 {
[%emt 0:00:03]} 10. h3 {[%emt 0:00:03]} Bh5 {[%emt 0:00:02]} 11. c5 {[%emt 0:
00:00]} Bf4 {[%emt 0:00:01]} 12. g3 {[%emt 0:00:12]} Bxg3 {[%emt 0:00:04]} 13.
fxg3 {[%emt 0:00:01]} Qxg3+ {[%emt 0:00:01]} 14. Kh1 {[%emt 0:00:01]} Rg8 {
[%emt 0:00:05]} 15. Nh4 {[%emt 0:00:14]} Qxh3# {[%emt 0:00:04]} 0-1

[Event "Villarobledo Online Qualifyer"]
[Site "playchess.com #155672"]
[Date "2009.05.23"]
[Round "11"]
[White "Musterlukas"]
[Black "Chesshero045"]
[Result "0-1"]
[WhiteElo "1724"]
[BlackElo "1968"]
[PlyCount "34"]
[EventDate "2009.05.23"]
[EventType "swiss (blitz)"]

1. d4 {[%emt 0:00:02]} Nf6 {[%emt 0:00:02]} 2. Nf3 {[%emt 0:00:01]} g6 {[%emt
0:00:02]} 3. c4 {[%emt 0:00:03]} Bg7 {[%emt 0:00:01]} 4. Nc3 {[%emt 0:00:02]}
d6 {[%emt 0:00:00]} 5. e4 {[%emt 0:00:02]} Nbd7 {[%emt 0:00:01]} 6. Be2 {[%emt
0:00:01]} O-O {[%emt 0:00:02]} 7. O-O {[%emt 0:00:01]} e5 {[%emt 0:00:02]} 8.
d5 {[%emt 0:00:01]} a5 {[%emt 0:00:02]} 9. Nd2 {[%emt 0:00:10]} Nc5 {[%emt 0:
00:07]} 10. Qc2 {[%emt 0:00:02]} Ne8 {[%emt 0:00:11]} 11. a3 {[%emt 0:00:03]}
a4 {[%emt 0:00:05]} 12. Rb1 {[%emt 0:00:01]} f5 {[%emt 0:00:03]} 13. b3 {[%emt
0:00:01]} axb3 {[%emt 0:00:03]} 14. Nxb3 {[%emt 0:00:01]} Nxe4 {[%emt 0:00:04]}
15. Nxe4 {[%emt 0:00:02]} fxe4 {[%emt 0:00:00]} 16. Qxe4 {[%emt 0:00:01]} Bf5 {
[%emt 0:00:02]} 17. Qh4 {[%emt 0:00:07]} Qxh4 {[%emt 0:00:02] Musterlukas
resigns} 0-1

[Event "Villarobledo Online Qualifyer"]
[Site "playchess.com #155672"]
[Date "2009.05.23"]
[Round "11"]
[White "DHCA"]
[Black "Ricardov"]
[Result "1-0"]
[WhiteElo "1637"]
[BlackElo "2319"]
[PlyCount "37"]
[EventDate "2009.05.23"]
[EventType "swiss (blitz)"]

1. e4 {[%emt 0:00:02]} d5 {[%emt 0:00:01]} 2. exd5 {[%emt 0:00:01]} Qxd5 {
[%emt 0:00:00]} 3. Nc3 {[%emt 0:00:01]} Qa5 {[%emt 0:00:01]} 4. d4 {[%emt 0:00:
01]} Nf6 {[%emt 0:00:00]} 5. Nf3 {[%emt 0:00:01]} Bg4 {[%emt 0:00:00]} 6. Be2 {
[%emt 0:00:01]} Nc6 {[%emt 0:00:01]} 7. O-O {[%emt 0:00:02]} O-O-O {[%emt 0:00:
01]} 8. Be3 {[%emt 0:00:02]} e5 {[%emt 0:00:02]} 9. Nxe5 {[%emt 0:00:10]} Nxe5
{[%emt 0:00:03]} 10. f3 {[%emt 0:00:31]} Bh5 {[%emt 0:00:06]} 11. Qe1 {[%emt 0:
00:03]} Nc6 {[%emt 0:00:04]} 12. Qf2 {[%emt 0:00:02]} g5 {[%emt 0:00:17]} 13.
d5 {[%emt 0:00:09]} Nxd5 {[%emt 0:00:04]} 14. Nxd5 {[%emt 0:00:02]} Qxd5 {
[%emt 0:00:03]} 15. Rfd1 {[%emt 0:00:01]} Qe6 {[%emt 0:00:04]} 16. Bxg5 {[%emt
0:00:04]} Rxd1+ {[%emt 0:00:03]} 17. Rxd1 {[%emt 0:00:04]} Rg8 {[%emt 0:00:02]}
18. Qxa7 {[%emt 0:00:08]} Nxa7 {[%emt 0:00:06]} 19. Rd8# {[%emt 0:00:03] (Lag:
Av=0.57s, max=1.8s)} 1-0

[Event "Villarobledo Online Qualifyer"]
[Site "playchess.com #155672"]
[Date "2009.05.23"]
[Round "11"]
[White "Sophie_Neveu"]
[Black "Àíòîíîâ"]
[Result "1-0"]
[WhiteElo "2119"]
[BlackElo "1895"]
[PlyCount "55"]
[EventDate "2009.05.23"]
[EventType "swiss (blitz)"]

1. e4 {[%emt 0:00:04]} Nf6 {[%emt 0:00:01]} 2. e5 {[%emt 0:00:02]} Nd5 {[%emt
0:00:02]} 3. c4 {[%emt 0:00:00]} Nb6 {[%emt 0:00:01]} 4. d4 {[%emt 0:00:00]} d6
{[%emt 0:00:01]} 5. exd6 {[%emt 0:00:00]} cxd6 {[%emt 0:00:01]} 6. Nc3 {[%emt
0:00:02]} g6 {[%emt 0:00:01]} 7. Be3 {[%emt 0:00:01]} Bg7 {[%emt 0:00:01]} 8.
Rc1 {[%emt 0:00:01]} O-O {[%emt 0:00:01]} 9. Nf3 {[%emt 0:00:01]} Bg4 {[%emt 0:
00:01]} 10. Be2 {[%emt 0:00:01]} Nc6 {[%emt 0:00:01]} 11. b3 {[%emt 0:00:01]}
d5 {[%emt 0:00:01]} 12. c5 {[%emt 0:00:01]} Nc8 {[%emt 0:00:01]} 13. O-O {
[%emt 0:00:06]} e6 {[%emt 0:00:01]} 14. h3 {[%emt 0:00:02]} Bxf3 {[%emt 0:00:
01]} 15. Bxf3 {[%emt 0:00:00]} N8e7 {[%emt 0:00:01]} 16. Nb5 {[%emt 0:00:05]}
Nf5 {[%emt 0:00:30]} 17. g4 {[%emt 0:00:04]} Nxe3 {[%emt 0:00:02]} 18. fxe3 {
[%emt 0:00:00]} a6 {[%emt 0:00:05]} 19. Nd6 {[%emt 0:00:02]} Qc7 {[%emt 0:00:
01]} 20. Bg2 {[%emt 0:00:05]} e5 {[%emt 0:00:13]} 21. Bxd5 {[%emt 0:00:04]}
exd4 {[%emt 0:00:01]} 22. Nxf7 {[%emt 0:00:04]} Rxf7 {[%emt 0:00:09]} 23. Rxf7
{[%emt 0:00:02]} Qxf7 {[%emt 0:00:01]} 24. Bxf7+ {[%emt 0:00:03]} Kxf7 {[%emt
0:00:01]} 25. Qf3+ {[%emt 0:00:02]} Kg8 {[%emt 0:00:02]} 26. Rf1 {[%emt 0:00:
03]} dxe3 {[%emt 0:00:02]} 27. Qf7+ {[%emt 0:00:04]} Kh8 {[%emt 0:00:01]} 28.
Qxb7 {[%emt 0:00:01] Àíòîíîâ resigns} 1-0

[Event "Villarobledo Online Qualifyer"]
[Site "playchess.com #155672"]
[Date "2009.05.23"]
[Round "11"]
[White "ZECE"]
[Black "Tdurden"]
[Result "1-0"]
[WhiteElo "2074"]
[BlackElo "2210"]
[PlyCount "50"]
[EventDate "2009.05.23"]
[EventType "swiss (blitz)"]

1. e4 {[%emt 0:00:02]} c5 {[%emt 0:00:02]} 2. Nf3 {[%emt 0:00:02]} Nc6 {[%emt
0:00:00]} 3. d4 {[%emt 0:00:01]} cxd4 {[%emt 0:00:00]} 4. Nxd4 {[%emt 0:00:01]}
g6 {[%emt 0:00:01]} 5. Nc3 {[%emt 0:00:01]} Bg7 {[%emt 0:00:01]} 6. Be3 {[%emt
0:00:01]} Nf6 {[%emt 0:00:01]} 7. Be2 {[%emt 0:00:01]} O-O {[%emt 0:00:09]} 8.
O-O {[%emt 0:00:04]} d6 {[%emt 0:00:02]} 9. Kh1 {[%emt 0:00:03]} Bd7 {[%emt 0:
00:08]} 10. f4 {[%emt 0:00:01]} Nxd4 {[%emt 0:00:05]} 11. Bxd4 {[%emt 0:00:01]}
Bc6 {[%emt 0:00:01]} 12. Bf3 {[%emt 0:00:01]} Nd7 {[%emt 0:00:04]} 13. Bxg7 {
[%emt 0:00:02]} Kxg7 {[%emt 0:00:01]} 14. Nd5 {[%emt 0:00:07]} Nb6 {[%emt 0:00:
04]} 15. c4 {[%emt 0:00:06]} f6 {[%emt 0:00:07]} 16. b3 {[%emt 0:00:03]} a5 {
[%emt 0:00:12]} 17. Qd4 {[%emt 0:00:02]} Nd7 {[%emt 0:00:04]} 18. Rae1 {[%emt
0:00:04]} Nc5 {[%emt 0:00:07]} 19. e5 {[%emt 0:00:04]} fxe5 {[%emt 0:00:13]}
20. fxe5 {[%emt 0:00:01]} e6 {[%emt 0:00:05]} 21. exd6+ {[%emt 0:00:02]} Kg8 {
[%emt 0:00:11]} 22. Ne7+ {[%emt 0:00:02]} Kf7 {[%emt 0:00:04]} 23. Qxc5 {[%emt
0:00:03]} Bxf3 {[%emt 0:00:06]} 24. Rxf3+ {[%emt 0:00:01]} Kg7 {[%emt 0:00:00]}
25. Qe5+ {[%emt 0:00:02]} Kh6 {[%emt 0:00:02] Tdurden feladja} 1-0

[Event "Villarobledo Online Qualifyer"]
[Site "playchess.com #155672"]
[Date "2009.05.23"]
[Round "11"]
[White "Burim999"]
[Black "Freuds"]
[Result "1-0"]
[WhiteElo "1576"]
[BlackElo "1484"]
[PlyCount "41"]
[EventDate "2009.05.23"]
[EventType "swiss (blitz)"]

1. d4 {[%emt 0:00:03]} Nf6 {[%emt 0:00:02]} 2. c4 {[%emt 0:00:01]} e6 {[%emt 0:
00:01]} 3. Nc3 {[%emt 0:00:01]} Bb4 {[%emt 0:00:01]} 4. e3 {[%emt 0:00:01]} d5
{[%emt 0:00:01]} 5. Bd2 {[%emt 0:00:01]} O-O {[%emt 0:00:05]} 6. cxd5 {[%emt 0:
00:02]} Bxc3 {[%emt 0:00:05]} 7. bxc3 {[%emt 0:00:03]} Nxd5 {[%emt 0:00:01]} 8.
Bd3 {[%emt 0:00:02]} Nd7 {[%emt 0:00:04]} 9. Nf3 {[%emt 0:00:01]} N7f6 {[%emt
0:00:04]} 10. Bb1 {[%emt 0:00:03]} Bd7 {[%emt 0:00:03]} 11. O-O {[%emt 0:00:01]
} Bc6 {[%emt 0:00:07]} 12. Qc2 {[%emt 0:00:02]} g6 {[%emt 0:00:05]} 13. e4 {
[%emt 0:00:04]} Nb6 {[%emt 0:00:05]} 14. e5 {[%emt 0:00:01]} Ne4 {[%emt 0:00:
07]} 15. Bh6 {[%emt 0:00:09]} Re8 {[%emt 0:00:08]} 16. Nd2 {[%emt 0:00:07]}
Nxd2 {[%emt 0:00:14]} 17. Qxd2 {[%emt 0:00:02]} Nc4 {[%emt 0:00:10]} 18. Qf4 {
[%emt 0:00:08]} b5 {[%emt 0:00:07]} 19. Bg5 {[%emt 0:00:02]} Qd5 {[%emt 0:00:
03]} 20. f3 {[%emt 0:00:03]} a5 {[%emt 0:00:09]} 21. Bf6 {[%emt 0:00:03]
Freuds abandonne} 1-0